| 000 | 00739nam a2200289Ia 4500 | ||
|---|---|---|---|
| 008 | 160803s9999 xx 000 0 und d | ||
| 020 | _a978-0689852886 | ||
| 100 | _aWolff, Virginia Euwer | ||
| 245 | _aMake lemonade / | ||
| 245 | _cVirginia Euwer Wolff. | ||
| 260 | _aNew York : | ||
| 260 | _bScholastic Inc. | ||
| 260 | _c1993 | ||
| 300 | _a200 pages ; | ||
| 300 | _c18 cm. | ||
| 500 | _aOriginally published: New York : H. Holt, c1993. | ||
| 650 | _aBabysitters -- | ||
| 650 | _aNovels in verse. | ||
| 650 | _aPoverty -- | ||
| 650 | _aSingle-parent families -- | ||
| 650 | _aTeenage mothers -- | ||
| 650 | _x Fiction. | ||
| 650 | _xFiction. | ||
| 650 | _xFiction. | ||
| 650 | _xFiction. | ||
| 700 | _a890 | ||
| 999 |
_c298502 _d298502 |
||